<?xml version="1.0" encoding="UTF-8"?><marc:collection xmlns:marc="http://www.loc.gov/MARC21/slim">
  <marc:record>
    <marc:leader>04228nas a2200793 c 4500</marc:leader>
    <marc:controlfield tag="001">010004580</marc:controlfield>
    <marc:controlfield tag="003">DE-101</marc:controlfield>
    <marc:controlfield tag="005">20250311204338.0</marc:controlfield>
    <marc:controlfield tag="007">tu</marc:controlfield>
    <marc:controlfield tag="008">991118c19309999fi u||p|  ||| 0||||1eng c</marc:controlfield>
    <marc:datafield tag="016" ind1="7" ind2=" ">
      <marc:subfield code="2">DE-600</marc:subfield>
      <marc:subfield code="a">555-1</marc:subfield>
    </marc:datafield>
    <marc:datafield tag="016" ind1="7" ind2=" ">
      <marc:subfield code="2">DE-101</marc:subfield>
      <marc:subfield code="a">010004580</marc:subfield>
    </marc:datafield>
    <marc:datafield tag="022" ind1=" " ind2=" ">
      <marc:subfield code="a">0570-734X</marc:subfield>
    </marc:datafield>
    <marc:datafield tag="035" ind1=" " ind2=" ">
      <marc:subfield code="a">(DE-599)ZDB555-1</marc:subfield>
    </marc:datafield>
    <marc:datafield tag="035" ind1=" " ind2=" ">
      <marc:subfield code="a">(OCoLC)1367304194</marc:subfield>
    </marc:datafield>
    <marc:datafield tag="040" ind1=" " ind2=" ">
      <marc:subfield code="a">9001</marc:subfield>
      <marc:subfield code="b">ger</marc:subfield>
      <marc:subfield code="c">DE-101</marc:subfield>
      <marc:subfield code="d">9999</marc:subfield>
    </marc:datafield>
    <marc:datafield tag="041" ind1=" " ind2=" ">
      <marc:subfield code="a">eng</marc:subfield>
    </marc:datafield>
    <marc:datafield tag="042" ind1=" " ind2=" ">
      <marc:subfield code="a">zdb</marc:subfield>
    </marc:datafield>
    <marc:datafield tag="044" ind1=" " ind2=" ">
      <marc:subfield code="c">XA-FI</marc:subfield>
    </marc:datafield>
    <marc:datafield tag="082" ind1="7" ind2="4">
      <marc:subfield code="a">870</marc:subfield>
      <marc:subfield code="a">880</marc:subfield>
      <marc:subfield code="q">DE-600</marc:subfield>
      <marc:subfield code="2">22sdnb</marc:subfield>
    </marc:datafield>
    <marc:datafield tag="084" ind1=" " ind2=" ">
      <marc:subfield code="a">6,12</marc:subfield>
      <marc:subfield code="2">ssgn</marc:subfield>
    </marc:datafield>
    <marc:datafield tag="084" ind1=" " ind2=" ">
      <marc:subfield code="a">GER</marc:subfield>
      <marc:subfield code="q">DE-30</marc:subfield>
      <marc:subfield code="2">fid</marc:subfield>
    </marc:datafield>
    <marc:datafield tag="084" ind1=" " ind2=" ">
      <marc:subfield code="a">FA 1000</marc:subfield>
      <marc:subfield code="2">rvk</marc:subfield>
    </marc:datafield>
    <marc:datafield tag="245" ind1="0" ind2="0">
      <marc:subfield code="a">Arctos</marc:subfield>
      <marc:subfield code="b">acta philologica Fennica</marc:subfield>
      <marc:subfield code="c">Klassillis-Filologinen Yhdistys</marc:subfield>
    </marc:datafield>
    <marc:datafield tag="246" ind1="3" ind2=" ">
      <marc:subfield code="a">Acta philologica Fennica</marc:subfield>
    </marc:datafield>
    <marc:datafield tag="264" ind1="3" ind2="1">
      <marc:subfield code="a">Helsinki</marc:subfield>
      <marc:subfield code="b">Yhdistys</marc:subfield>
      <marc:subfield code="c">1930-</marc:subfield>
    </marc:datafield>
    <marc:datafield tag="264" ind1=" " ind2="1">
      <marc:subfield code="3">anfangs</marc:subfield>
      <marc:subfield code="a">Helsinki</marc:subfield>
      <marc:subfield code="b">Otava</marc:subfield>
    </marc:datafield>
    <marc:datafield tag="264" ind1="2" ind2="1">
      <marc:subfield code="3">früher</marc:subfield>
      <marc:subfield code="a">Helsinki</marc:subfield>
      <marc:subfield code="b">Yliopistopaino</marc:subfield>
    </marc:datafield>
    <marc:datafield tag="336" ind1=" " ind2=" ">
      <marc:subfield code="a">Text</marc:subfield>
      <marc:subfield code="b">txt</marc:subfield>
      <marc:subfield code="2">rdacontent</marc:subfield>
    </marc:datafield>
    <marc:datafield tag="337" ind1=" " ind2=" ">
      <marc:subfield code="a">ohne Hilfsmittel zu benutzen</marc:subfield>
      <marc:subfield code="b">n</marc:subfield>
      <marc:subfield code="2">rdamedia</marc:subfield>
    </marc:datafield>
    <marc:datafield tag="338" ind1=" " ind2=" ">
      <marc:subfield code="a">Band</marc:subfield>
      <marc:subfield code="b">nc</marc:subfield>
      <marc:subfield code="2">rdacarrier</marc:subfield>
    </marc:datafield>
    <marc:datafield tag="362" ind1="0" ind2=" ">
      <marc:subfield code="a">1.1930 - 2.1931; N.S. 1.1954 -</marc:subfield>
    </marc:datafield>
    <marc:datafield tag="363" ind1="0" ind2="0">
      <marc:subfield code="8">1.1\x</marc:subfield>
      <marc:subfield code="a">1</marc:subfield>
      <marc:subfield code="i">1930</marc:subfield>
    </marc:datafield>
    <marc:datafield tag="363" ind1="1" ind2="0">
      <marc:subfield code="8">1.2\x</marc:subfield>
      <marc:subfield code="a">2</marc:subfield>
      <marc:subfield code="i">1931</marc:subfield>
    </marc:datafield>
    <marc:datafield tag="363" ind1="0" ind2="1">
      <marc:subfield code="8">2.1\x</marc:subfield>
      <marc:subfield code="a">1</marc:subfield>
      <marc:subfield code="i">1954</marc:subfield>
    </marc:datafield>
    <marc:datafield tag="515" ind1=" " ind2=" ">
      <marc:subfield code="a">1932 - 1953 nicht ersch.; N.S.-Zählung entfällt später</marc:subfield>
    </marc:datafield>
    <marc:datafield tag="648" ind1=" " ind2="7">
      <marc:subfield code="a">Geschichte 800 v. Chr. - 600</marc:subfield>
      <marc:subfield code="9">rswk-swf</marc:subfield>
      <marc:subfield code="2">gnd</marc:subfield>
    </marc:datafield>
    <marc:datafield tag="648" ind1=" " ind2="7">
      <marc:subfield code="a">Geschichte 500-1500</marc:subfield>
      <marc:subfield code="9">rswk-swf</marc:subfield>
      <marc:subfield code="2">gnd</marc:subfield>
    </marc:datafield>
    <marc:datafield tag="650" ind1=" " ind2="7">
      <marc:subfield code="0">(DE-588)4125698-0</marc:subfield>
      <marc:subfield code="0">https://d-nb.info/gnd/4125698-0</marc:subfield>
      <marc:subfield code="0">(DE-101)041256980</marc:subfield>
      <marc:subfield code="a">Kultur</marc:subfield>
      <marc:subfield code="9">rswk-swf</marc:subfield>
      <marc:subfield code="2">gnd</marc:subfield>
    </marc:datafield>
    <marc:datafield tag="650" ind1=" " ind2="7">
      <marc:subfield code="0">(DE-588)4035964-5</marc:subfield>
      <marc:subfield code="0">https://d-nb.info/gnd/4035964-5</marc:subfield>
      <marc:subfield code="0">(DE-101)040359646</marc:subfield>
      <marc:subfield code="a">Literatur</marc:subfield>
      <marc:subfield code="9">rswk-swf</marc:subfield>
      <marc:subfield code="2">gnd</marc:subfield>
    </marc:datafield>
    <marc:datafield tag="650" ind1=" " ind2="7">
      <marc:subfield code="0">(DE-588)4045791-6</marc:subfield>
      <marc:subfield code="0">https://d-nb.info/gnd/4045791-6</marc:subfield>
      <marc:subfield code="0">(DE-101)040457915</marc:subfield>
      <marc:subfield code="a">Philosophie</marc:subfield>
      <marc:subfield code="9">rswk-swf</marc:subfield>
      <marc:subfield code="2">gnd</marc:subfield>
    </marc:datafield>
    <marc:datafield tag="650" ind1=" " ind2="7">
      <marc:subfield code="0">(DE-588)4049396-9</marc:subfield>
      <marc:subfield code="0">https://d-nb.info/gnd/4049396-9</marc:subfield>
      <marc:subfield code="0">(DE-101)040493962</marc:subfield>
      <marc:subfield code="a">Religion</marc:subfield>
      <marc:subfield code="9">rswk-swf</marc:subfield>
      <marc:subfield code="2">gnd</marc:subfield>
    </marc:datafield>
    <marc:datafield tag="650" ind1=" " ind2="7">
      <marc:subfield code="0">(DE-588)4002827-6</marc:subfield>
      <marc:subfield code="0">https://d-nb.info/gnd/4002827-6</marc:subfield>
      <marc:subfield code="0">(DE-101)040028275</marc:subfield>
      <marc:subfield code="a">Archäologie</marc:subfield>
      <marc:subfield code="9">rswk-swf</marc:subfield>
      <marc:subfield code="2">gnd</marc:subfield>
    </marc:datafield>
    <marc:datafield tag="650" ind1=" " ind2="7">
      <marc:subfield code="0">(DE-588)4114333-4</marc:subfield>
      <marc:subfield code="0">https://d-nb.info/gnd/4114333-4</marc:subfield>
      <marc:subfield code="0">(DE-101)041143337</marc:subfield>
      <marc:subfield code="a">Kunst</marc:subfield>
      <marc:subfield code="9">rswk-swf</marc:subfield>
      <marc:subfield code="2">gnd</marc:subfield>
    </marc:datafield>
    <marc:datafield tag="650" ind1=" " ind2="7">
      <marc:subfield code="0">(DE-588)4035964-5</marc:subfield>
      <marc:subfield code="0">https://d-nb.info/gnd/4035964-5</marc:subfield>
      <marc:subfield code="0">(DE-101)040359646</marc:subfield>
      <marc:subfield code="a">Literatur</marc:subfield>
      <marc:subfield code="9">rswk-swf</marc:subfield>
      <marc:subfield code="2">gnd</marc:subfield>
    </marc:datafield>
    <marc:datafield tag="650" ind1=" " ind2="7">
      <marc:subfield code="0">(DE-588)4125698-0</marc:subfield>
      <marc:subfield code="0">https://d-nb.info/gnd/4125698-0</marc:subfield>
      <marc:subfield code="0">(DE-101)041256980</marc:subfield>
      <marc:subfield code="a">Kultur</marc:subfield>
      <marc:subfield code="9">rswk-swf</marc:subfield>
      <marc:subfield code="2">gnd</marc:subfield>
    </marc:datafield>
    <marc:datafield tag="650" ind1=" " ind2="7">
      <marc:subfield code="0">(DE-588)4045791-6</marc:subfield>
      <marc:subfield code="0">https://d-nb.info/gnd/4045791-6</marc:subfield>
      <marc:subfield code="0">(DE-101)040457915</marc:subfield>
      <marc:subfield code="a">Philosophie</marc:subfield>
      <marc:subfield code="9">rswk-swf</marc:subfield>
      <marc:subfield code="2">gnd</marc:subfield>
    </marc:datafield>
    <marc:datafield tag="650" ind1=" " ind2="7">
      <marc:subfield code="0">(DE-588)4049396-9</marc:subfield>
      <marc:subfield code="0">https://d-nb.info/gnd/4049396-9</marc:subfield>
      <marc:subfield code="0">(DE-101)040493962</marc:subfield>
      <marc:subfield code="a">Religion</marc:subfield>
      <marc:subfield code="9">rswk-swf</marc:subfield>
      <marc:subfield code="2">gnd</marc:subfield>
    </marc:datafield>
    <marc:datafield tag="650" ind1=" " ind2="7">
      <marc:subfield code="0">(DE-588)4002827-6</marc:subfield>
      <marc:subfield code="0">https://d-nb.info/gnd/4002827-6</marc:subfield>
      <marc:subfield code="0">(DE-101)040028275</marc:subfield>
      <marc:subfield code="a">Archäologie</marc:subfield>
      <marc:subfield code="9">rswk-swf</marc:subfield>
      <marc:subfield code="2">gnd</marc:subfield>
    </marc:datafield>
    <marc:datafield tag="650" ind1=" " ind2="7">
      <marc:subfield code="0">(DE-588)4114333-4</marc:subfield>
      <marc:subfield code="0">https://d-nb.info/gnd/4114333-4</marc:subfield>
      <marc:subfield code="0">(DE-101)041143337</marc:subfield>
      <marc:subfield code="a">Kunst</marc:subfield>
      <marc:subfield code="9">rswk-swf</marc:subfield>
      <marc:subfield code="2">gnd</marc:subfield>
    </marc:datafield>
    <marc:datafield tag="655" ind1=" " ind2="7">
      <marc:subfield code="0">(DE-588)4067488-5</marc:subfield>
      <marc:subfield code="0">https://d-nb.info/gnd/4067488-5</marc:subfield>
      <marc:subfield code="0">(DE-101)040674886</marc:subfield>
      <marc:subfield code="a">Zeitschrift</marc:subfield>
      <marc:subfield code="2">gnd-content</marc:subfield>
    </marc:datafield>
    <marc:datafield tag="689" ind1="0" ind2="0">
      <marc:subfield code="0">(DE-588)4125698-0</marc:subfield>
      <marc:subfield code="0">https://d-nb.info/gnd/4125698-0</marc:subfield>
      <marc:subfield code="0">(DE-101)041256980</marc:subfield>
      <marc:subfield code="D">s</marc:subfield>
      <marc:subfield code="a">Kultur</marc:subfield>
    </marc:datafield>
    <marc:datafield tag="689" ind1="0" ind2="1">
      <marc:subfield code="0">(DE-588)4035964-5</marc:subfield>
      <marc:subfield code="0">https://d-nb.info/gnd/4035964-5</marc:subfield>
      <marc:subfield code="0">(DE-101)040359646</marc:subfield>
      <marc:subfield code="D">s</marc:subfield>
      <marc:subfield code="a">Literatur</marc:subfield>
    </marc:datafield>
    <marc:datafield tag="689" ind1="0" ind2="2">
      <marc:subfield code="0">(DE-588)4045791-6</marc:subfield>
      <marc:subfield code="0">https://d-nb.info/gnd/4045791-6</marc:subfield>
      <marc:subfield code="0">(DE-101)040457915</marc:subfield>
      <marc:subfield code="D">s</marc:subfield>
      <marc:subfield code="a">Philosophie</marc:subfield>
    </marc:datafield>
    <marc:datafield tag="689" ind1="0" ind2="3">
      <marc:subfield code="0">(DE-588)4049396-9</marc:subfield>
      <marc:subfield code="0">https://d-nb.info/gnd/4049396-9</marc:subfield>
      <marc:subfield code="0">(DE-101)040493962</marc:subfield>
      <marc:subfield code="D">s</marc:subfield>
      <marc:subfield code="a">Religion</marc:subfield>
    </marc:datafield>
    <marc:datafield tag="689" ind1="0" ind2="4">
      <marc:subfield code="0">(DE-588)4002827-6</marc:subfield>
      <marc:subfield code="0">https://d-nb.info/gnd/4002827-6</marc:subfield>
      <marc:subfield code="0">(DE-101)040028275</marc:subfield>
      <marc:subfield code="D">s</marc:subfield>
      <marc:subfield code="a">Archäologie</marc:subfield>
    </marc:datafield>
    <marc:datafield tag="689" ind1="0" ind2="5">
      <marc:subfield code="0">(DE-588)4114333-4</marc:subfield>
      <marc:subfield code="0">https://d-nb.info/gnd/4114333-4</marc:subfield>
      <marc:subfield code="0">(DE-101)041143337</marc:subfield>
      <marc:subfield code="D">s</marc:subfield>
      <marc:subfield code="a">Kunst</marc:subfield>
    </marc:datafield>
    <marc:datafield tag="689" ind1="0" ind2="6">
      <marc:subfield code="A">z</marc:subfield>
      <marc:subfield code="a">Geschichte 800 v. Chr. - 600</marc:subfield>
    </marc:datafield>
    <marc:datafield tag="689" ind1="0" ind2=" ">
      <marc:subfield code="5">DE-5</marc:subfield>
      <marc:subfield code="5">DE-605</marc:subfield>
    </marc:datafield>
    <marc:datafield tag="689" ind1="1" ind2="0">
      <marc:subfield code="0">(DE-588)4035964-5</marc:subfield>
      <marc:subfield code="0">https://d-nb.info/gnd/4035964-5</marc:subfield>
      <marc:subfield code="0">(DE-101)040359646</marc:subfield>
      <marc:subfield code="D">s</marc:subfield>
      <marc:subfield code="a">Literatur</marc:subfield>
    </marc:datafield>
    <marc:datafield tag="689" ind1="1" ind2="1">
      <marc:subfield code="0">(DE-588)4125698-0</marc:subfield>
      <marc:subfield code="0">https://d-nb.info/gnd/4125698-0</marc:subfield>
      <marc:subfield code="0">(DE-101)041256980</marc:subfield>
      <marc:subfield code="D">s</marc:subfield>
      <marc:subfield code="a">Kultur</marc:subfield>
    </marc:datafield>
    <marc:datafield tag="689" ind1="1" ind2="2">
      <marc:subfield code="0">(DE-588)4045791-6</marc:subfield>
      <marc:subfield code="0">https://d-nb.info/gnd/4045791-6</marc:subfield>
      <marc:subfield code="0">(DE-101)040457915</marc:subfield>
      <marc:subfield code="D">s</marc:subfield>
      <marc:subfield code="a">Philosophie</marc:subfield>
    </marc:datafield>
    <marc:datafield tag="689" ind1="1" ind2="3">
      <marc:subfield code="0">(DE-588)4049396-9</marc:subfield>
      <marc:subfield code="0">https://d-nb.info/gnd/4049396-9</marc:subfield>
      <marc:subfield code="0">(DE-101)040493962</marc:subfield>
      <marc:subfield code="D">s</marc:subfield>
      <marc:subfield code="a">Religion</marc:subfield>
    </marc:datafield>
    <marc:datafield tag="689" ind1="1" ind2="4">
      <marc:subfield code="0">(DE-588)4002827-6</marc:subfield>
      <marc:subfield code="0">https://d-nb.info/gnd/4002827-6</marc:subfield>
      <marc:subfield code="0">(DE-101)040028275</marc:subfield>
      <marc:subfield code="D">s</marc:subfield>
      <marc:subfield code="a">Archäologie</marc:subfield>
    </marc:datafield>
    <marc:datafield tag="689" ind1="1" ind2="5">
      <marc:subfield code="0">(DE-588)4114333-4</marc:subfield>
      <marc:subfield code="0">https://d-nb.info/gnd/4114333-4</marc:subfield>
      <marc:subfield code="0">(DE-101)041143337</marc:subfield>
      <marc:subfield code="D">s</marc:subfield>
      <marc:subfield code="a">Kunst</marc:subfield>
    </marc:datafield>
    <marc:datafield tag="689" ind1="1" ind2="6">
      <marc:subfield code="A">z</marc:subfield>
      <marc:subfield code="a">Geschichte 500-1500</marc:subfield>
    </marc:datafield>
    <marc:datafield tag="689" ind1="1" ind2=" ">
      <marc:subfield code="5">DE-5</marc:subfield>
      <marc:subfield code="5">DE-605</marc:subfield>
    </marc:datafield>
    <marc:datafield tag="776" ind1="0" ind2="8">
      <marc:subfield code="i">Erscheint auch als</marc:subfield>
      <marc:subfield code="n">Online-Ausgabe</marc:subfield>
      <marc:subfield code="t">Arctos</marc:subfield>
      <marc:subfield code="d">Helsinki : Yliopistopaino, 1930-</marc:subfield>
      <marc:subfield code="h">Online-Ressource</marc:subfield>
      <marc:subfield code="w">(DE-600)2485322-7</marc:subfield>
      <marc:subfield code="w">(DE-101)993212603</marc:subfield>
    </marc:datafield>
    <marc:datafield tag="850" ind1=" " ind2=" ">
      <marc:subfield code="a">DE-101a</marc:subfield>
    </marc:datafield>
  </marc:record>
</marc:collection>
